Loading...
| Science - Other Science | 0 | 4 | 0 | 1 | 40 | 91 | 103.50 | 1 | 4 |
| History - European History | 0 | 2 | 0 | 1 | 20 | 90 | 114.00 | 0 | 1 |
| History - World History | 0 | 2 | 0 | 0 | 20 | 93 | 97.00 | 1 | 2 |
| Social Science | 0 | 1 | 0 | 0 | 10 | 104 | 104.00 | 0 | 1 |
| Geography | 0 | 1 | 0 | 0 | 10 | 95 | 95.00 | 1 | 1 |
| History - American History | 0 | 1 | 0 | 0 | 10 | 72 | 72.00 | 1 | 1 |
| Literature - European Literature | 0 | 1 | 0 | 0 | 10 | 137 | 137.00 | 0 | 1 |
| Mythology | 0 | 1 | 0 | 0 | 10 | 122 | 122.00 | 0 | 1 |
| History - Other History | 0 | 1 | 1 | 0 | 5 | 121 | 121.00 | 0 | 0 |
| Fine Arts - Other Fine Arts | 0 | 0 | 0 | 0 | 0 | 0.00 | 0 | 0 | |
| Literature - British Literature | 0 | 0 | 1 | 0 | -5 | 0.00 | 0 | 0 |